MARC details
| 000 -LEADER |
| fixed length control field |
02276cam a22005417i 4500 |
| 001 - CONTROL NUMBER |
| control field |
data |
| 005 - DATE AND TIME OF LATEST TRANSACTION |
| control field |
20260322212101.0 |
| 008 - FIXED-LENGTH DATA ELEMENTS--GENERAL INFORMATION |
| fixed length control field |
data |
| 035 ## - SYSTEM CONTROL NUMBER |
| System control number |
18461275 |
| 010 ## - LIBRARY OF CONGRESS CONTROL NUMBER |
| LC control number |
2015931770 |
| 016 7# - NATIONAL BIBLIOGRAPHIC AGENCY CONTROL NUMBER |
| Record control number |
101662179 |
| Source |
DNLM |
| 020 ## - INTERNATIONAL STANDARD BOOK NUMBER |
| International Standard Book Number |
9780128012826 |
| Qualifying information |
pbk. |
| 020 ## - INTERNATIONAL STANDARD BOOK NUMBER |
| International Standard Book Number |
012801282X |
| Qualifying information |
pbk. |
| 035 ## - SYSTEM CONTROL NUMBER |
| System control number |
(OCoLC)878501771 |
| 040 ## - CATALOGING SOURCE |
| Original cataloging agency |
NLM |
| Language of cataloging |
eng |
| Transcribing agency |
NLM |
| Description conventions |
rda |
| Modifying agency |
DLC |
| -- |
BTCTA |
| -- |
LTSCA |
| -- |
OUP |
| -- |
OCLCF |
| -- |
DLC |
| 042 ## - AUTHENTICATION CODE |
| Authentication code |
lccopycat |
| -- |
lccopycat |
| 050 00 - LIBRARY OF CONGRESS CALL NUMBER |
| Classification number |
R733 |
| Item number |
.P38 2015 |
| 060 00 - NATIONAL LIBRARY OF MEDICINE CALL NUMBER |
| Classification number |
2015 F-906 |
| 060 10 - NATIONAL LIBRARY OF MEDICINE CALL NUMBER |
| Classification number |
WB 113 |
| 082 00 - DEWEY DECIMAL CLASSIFICATION NUMBER |
| Classification number |
610.72 |
| Edition information |
23 |
| 100 1# - MAIN ENTRY--PERSONAL NAME |
| Personal name |
Patwardhan, Bhushan, |
| Relator term |
author. |
| 245 10 - TITLE STATEMENT |
| Title |
Integrative approaches for health : |
| Remainder of title |
biomedical research, ayurveda and yoga / |
| Statement of responsibility, etc. |
Bhushan Patwardhan, PhD, FAMS, Interdisciplinary School of Health Sciences, Savitribai Phule Pune University, Ganeshkind, Pune, India, Gururaj Mutalik, MD, FAMS, Jijnyasa Foundation for Education and Reseatrch, Sarasota, FL, USA, Girish Tillu, MD, Interdisciplinary School of Health Sciences, Savitribai Phule Pune University, Ganeshkind, Pune, India. |
| 264 #1 - PRODUCTION, PUBLICATION, DISTRIBUTION, MANUFACTURE, AND COPYRIGHT NOTICE |
| Place of production, publication, distribution, manufacture |
Boston : |
| -- |
Boston : |
| Name of producer, publisher, distributor, manufacturer |
Elsevier/AP, Academic Press is an imprint of Elsevier, |
| Date of production, publication, distribution, manufacture, or copyright notice |
[2015] |
| 264 #4 - PRODUCTION, PUBLICATION, DISTRIBUTION, MANUFACTURE, AND COPYRIGHT NOTICE |
| Date of production, publication, distribution, manufacture, or copyright notice |
©2015 |
| 300 ## - PHYSICAL DESCRIPTION |
| Extent |
xxiii, 357 pages : |
| Other physical details |
illustrations, portraits ; |
| Dimensions |
24 cm |
| 336 ## - CONTENT TYPE |
| Content type term |
text |
| Content type code |
txt |
| Source |
rdacontent |
| 337 ## - MEDIA TYPE |
| Media type term |
unmediated |
| Media type code |
n |
| Source |
rdamedia |
| 338 ## - CARRIER TYPE |
| Carrier type term |
volume |
| Carrier type code |
nc |
| Source |
rdacarrier |
| 504 ## - BIBLIOGRAPHY, ETC. NOTE |
| Bibliography, etc. note |
Includes bibliographical references and index. |
| 650 #0 - SUBJECT ADDED ENTRY--TOPICAL TERM |
| Topical term or geographic name entry element |
Integrative medicine. |
| 650 #0 - SUBJECT ADDED ENTRY--TOPICAL TERM |
| Topical term or geographic name entry element |
Medicine |
| General subdivision |
Research. |
| 650 #0 - SUBJECT ADDED ENTRY--TOPICAL TERM |
| Topical term or geographic name entry element |
Medicine, Ayurvedic. |
| 650 #0 - SUBJECT ADDED ENTRY--TOPICAL TERM |
| Topical term or geographic name entry element |
Yoga. |
| 650 12 - SUBJECT ADDED ENTRY--TOPICAL TERM |
| Topical term or geographic name entry element |
Integrative Medicine. |
| 650 22 - SUBJECT ADDED ENTRY--TOPICAL TERM |
| Topical term or geographic name entry element |
Evidence-Based Medicine. |
| 650 22 - SUBJECT ADDED ENTRY--TOPICAL TERM |
| Topical term or geographic name entry element |
Medicine, Ayurvedic. |
| 650 22 - SUBJECT ADDED ENTRY--TOPICAL TERM |
| Topical term or geographic name entry element |
Yoga. |
| 650 #7 - SUBJECT ADDED ENTRY--TOPICAL TERM |
| Topical term or geographic name entry element |
Integrative medicine. |
| Source of heading or term |
fast |
| Authority record control number or standard number |
(OCoLC)fst00975672 |
| 650 #7 - SUBJECT ADDED ENTRY--TOPICAL TERM |
| Topical term or geographic name entry element |
Medicine, Ayurvedic. |
| Source of heading or term |
fast |
| Authority record control number or standard number |
(OCoLC)fst01015196 |
| 650 #7 - SUBJECT ADDED ENTRY--TOPICAL TERM |
| Topical term or geographic name entry element |
Medicine |
| General subdivision |
Research. |
| Source of heading or term |
fast |
| Authority record control number or standard number |
(OCoLC)fst01015059 |
| 650 #7 - SUBJECT ADDED ENTRY--TOPICAL TERM |
| Topical term or geographic name entry element |
Yoga. |
| Source of heading or term |
fast |
| Authority record control number or standard number |
(OCoLC)fst01182871 |
| 700 1# - ADDED ENTRY--PERSONAL NAME |
| Personal name |
Mutalik, Gururaj, |
| Relator term |
author. |
| 700 1# - ADDED ENTRY--PERSONAL NAME |
| Personal name |
Tillu, Girish, |
| Relator term |
author. |
| 906 ## - LOCAL DATA ELEMENT F, LDF (RLIN) |
| a |
7 |
| b |
cbc |
| c |
copycat |
| d |
2 |
| e |
ncip |
| f |
20 |
| g |
y-gencatlg |
| 925 0# - |
| -- |
acquire |
| -- |
1 shelf copy |
| -- |
Sel/rjc, 2015-08-11 |
| 955 ## - COPY-LEVEL INFORMATION (RLIN) |
| -- |
xl05 2015-11-30 (telework) |